The technical literature of agricultural motor fuels : (Record no. 11063)

MARC details
000 -LEADER
fixed length control field 01168cam a22003011a 4500
001 - CONTROL NUMBER
control field agr49000549
003 - CONTROL NUMBER IDENTIFIER
control field DLC
005 - DATE AND TIME OF LATEST TRANSACTION
control field 20260227111012.0
008 - FIXED-LENGTH DATA ELEMENTS--GENERAL INFORMATION
fixed length control field 780417s1949 dcu b f001 0 eng
010 ## - LIBRARY OF CONGRESS CONTROL NUMBER
LC control number agr49000549
035 ## - SYSTEM CONTROL NUMBER
System control number (OCoLC)3806597
040 ## - CATALOGING SOURCE
Original cataloging agency DLC
Transcribing agency IPAR
Modifying agency DNAL
-- DLC
042 ## - AUTHENTICATION CODE
Authentication code premarc
050 00 - LIBRARY OF CONGRESS CALL NUMBER
Classification number Z1009
Item number .U57 no. 10
070 0# - NATIONAL AGRICULTURAL LIBRARY CALL NUMBER
Classification number 1
Item number Ag84Bi no.10
072 0# - SUBJECT CATEGORY CODE
Subject category code N200
-- P110
-- X200
082 ## - DEWEY DECIMAL CLASSIFICATION NUMBER
Classification number 016.665
100 1# - MAIN ENTRY--PERSONAL NAME
Personal name Wiebe, Richard,
Dates associated with a name 1896-
245 14 - TITLE STATEMENT
Title The technical literature of agricultural motor fuels :
Remainder of title including physical and chemical properties, engine performance, economics, patents, and books /
Statement of responsibility, etc. by Richard Wiebe and Janina Nowakowska.
260 ## - PUBLICATION, DISTRIBUTION, ETC.
Place of publication, distribution, etc. Washington, D.C. :
Name of publisher, distributor, etc. U.S. Dept. of Agriculture,
Date of publication, distribution, etc. 1949.
300 ## - PHYSICAL DESCRIPTION
Extent vi, 259 p. ;
Dimensions 24cm.
490 1# - SERIES STATEMENT
Series statement Bibliographical bulletin / United States Department of Agriculture ;
Volume/sequential designation no. 10
500 ## - GENERAL NOTE
General note Contribution from Bureau of Agricultural and Industrial Chemistry.
500 ## - GENERAL NOTE
General note Includes indexes.
650 #0 - SUBJECT ADDED ENTRY--TOPICAL TERM
Topical term or geographic name entry element Motor fuels
Form subdivision Bibliography.
700 1# - ADDED ENTRY--PERSONAL NAME
Personal name Nowakowska, Janina,
Dates associated with a name 1907-
830 #0 - SERIES ADDED ENTRY--UNIFORM TITLE
Uniform title Bibliographical bulletin (United States. Department of Agriculture) ;
Volume/sequential designation no. 10.

No items available.

Powered by Koha